|
|
|
|
| LEADER |
00000cam a2200000 7i4500 |
| 001 |
0000003147 |
| 005 |
20050217.0 |
| 020 |
0 |
0 |
|a 9678912341
|
| 090 |
0 |
0 |
|a 346.595048
|b MAL
|
| 110 |
1 |
0 |
|a Malaysia
|
| 245 |
0 |
0 |
|a Akta Petunjuk Geografi 2000 (Akta 602) dan Peraturan-Peraturan & Geographical Indications Act 2000 (Act 602) and Regulations :
|b (hingga 1hb Mac 2002)
|c disusun oleh Lembaga Penyelidikan Undang-undang
|
| 260 |
0 |
0 |
|a Petaling Jaya :
|b International Law Book Services ,
|c 2002
|
| 300 |
|
|
|a 132ms. ;
|c 24cm.
|
| 440 |
0 |
0 |
|a Undang-undang Malaysia
|
| 500 |
0 |
0 |
|a Teks bahasa Malaysia dan bahasa Inggeris
|
| 650 |
0 |
0 |
|a Intellectual property
|x Law and legislation
|z Malaysia
|
| 710 |
2 |
1 |
|a Lembaga Penyelidikan Undang-Undang
|
| 740 |
0 |
2 |
|a Geographical Indications Act 2000 (Act 602) and Regulations
|
| 999 |
|
|
|a 0000005834
|b Monograph
|c Open Shelf
|e Default branch
|